Statistics for Non-US, Non-UK Events by Year, 1950-1969

Click here to take the quiz!

General Stats

  • This quiz has been taken 66 times
    (64 since last reset)
  • The average score is 16 of 20

Answer Stats

YearEventAnswer% Correct
1960This city is founded to serve as Brazil's capitalBrasília
100%
1965Language in which Catholic masses were usually held until the end of the Second Vatican CouncilLatin
100%
1964Zanzibar and Tanganyika merge into this stateTanzania
98%
1959He replaces Fulgencio Batista as the leader of CubaFidel Castro
95%
1967Christiaan Barnard conducts the first successful transplantation of this organHeart
95%
1961East German leader Ulbricht claims that "nobody intends to erect" this kind of constructionWall
91%
1968Following student protests and street battles, this president flees FranceCharles de Gaulle
89%
1966Sukarno transfers his executive powers to Suharto, in this countryIndonesia
88%
1962This French colony gains independence after a bloody warAlgeria
82%
1955This Argentine leader is exiledJuan Perón
82%
1969Yasser Arafat becomes chairman of this Palestine organizationPLO
82%
1957The European Economic Community, a precursor of this organization, is establishedEuropean Union
79%
1956An attempted revolution in this country is crushed by Soviet interventionHungary
75%
1950This secret police is founded in East GermanyStasi
75%
1952Albert Schweitzer receives this prize for his humanitarian work in AfricaNobel Peace
71%
1953Prime minister Mohammad Mosaddegh is overthrown in this countryPersia
71%
1951This initiative, officially called the "European Recovery Program", expiresMarshall Plan
66%
1958This Gaul warrior makes his comic book debutAstérix
63%
1963Report on Nazi war criminal Adolf Eichmann's trial: "The Banality of ___"Evil
57%
1954This Japanese movie, later remade as "The Magnificent Seven", is releasedThe Seven Samurai
50%

Score Distribution

Percentile by Number Answered

Percent of People with Each Score

Your Score History

You have not taken this quiz since the last reset